Nádvorie Slovenského technického múzea Košice

Uložené v:
Podrobná bibliografia
Hlavný autor: Tychaničová, Kamila (Autor)
Ďalší autori: Salcer, Igor (Vedúci práce)
Médium: Rukopis Kniha
Jazyk:Slovak
Vydavateľské údaje: 2025
Predmet:
On-line prístup:http://is.stuba.sk/zp/portal_zp.pl?podrobnosti=185532
Tagy: Pridať tag
Žiadne tagy, Buďte prvý, kto otaguje tento záznam!

MARC

LEADER 00000ntm a22000003a 4500
001 stuzp104990
003 SK-STU
005 20250607211016.9
007 ta
008 150427s2015----xo-----f-mn---000-0-slo-d
040 |a STU  |b slo 
041 0 |a slo 
100 1 |a Tychaničová, Kamila  |u 055150  |4 aut  |U FAD Fakulta architektúry a dizajnu  |T FAD Ústav interiéru a výstavníctva  |X 105758  |U A5150  |Y 396  |7 105758 
242 0 1 |a Courtyard of the Slovak Technical Museum, Košice  |y eng 
245 1 0 |a Nádvorie Slovenského technického múzea Košice 
260 |c 2025 
650 4 |a roofing  |2 eng 
650 4 |a historic environment  |2 eng 
650 4 |a Košice  |2 eng 
650 4 |a public space  |2 eng 
650 4 |a museum  |2 eng 
650 4 |a courtyard  |2 eng 
650 4 |a flexible use  |2 eng 
650 4 |a café  |2 eng 
650 4 |a restoration  |2 eng 
650 4 |a reštaurátorská dielňa  |2 slo 
650 4 |a historické prostredie  |2 slo 
650 4 |a flexibilné využitie  |2 slo 
650 4 |a prestrešenie  |2 slo 
650 4 |a kaviareň  |2 slo 
650 4 |a Košice  |2 slo 
650 4 |a verejný priestor  |2 slo 
650 4 |a múzeum  |2 slo 
650 4 |a nádvorie  |2 slo 
700 1 |a Salcer, Igor  |u 055150  |k Z8  |4 ths  |U FAD Fakulta architektúry a dizajnu  |T FAD Ústav interiéru a výstavníctva  |X 29139  |U A5150  |Y 396  |7 A000029139 
856 4 |u http://is.stuba.sk/zp/portal_zp.pl?podrobnosti=185532